000
00214nam a2200121Ia 4500
100
_a
#N/A
942
_c
BK
654
_a
SUSTAINABILITY
245
_a
Economic
260
_b
#N/A
546
_a
ENGLISH
999
_c
23559
_d
23559